Open Data Biblioteca Nacional de Portugal


República Portuguesa: Ministério da Cultura
Biblioteca Nacional de Portugal

Catálogo da BNP: acesso por Identificadores Unívocos
Registos Bibliográficos associados ao registo de autoridade

Etiqueta de registo: 00254nam 2200025 450
001 2164787
003 http://id.bnportugal.gov.pt/bib/catbnp/2164787
010 ## $a978-989-98282-5-4$bv.1)
010 ## $z978-989-337603$bv. 2)
021 ## $aPT$b522694/23
021 ## $aPT$b546862/25
100 ## $a20230727g20232025m y0pory01030103ba
101 0# $apor
102 ## $aPT
105 ## $aa z 000yb
106 ## $ar
200 1# $aMédicos, nem deuses nem demónios (homenagem a Fernando Namora)$fcoord. António Trabulo$gorg. SOPEAM$gcolab. Baltazar Caeiro... [et al.]$gpref. José Manuel Mendes
205 ## $a1ª ed
210 #9 $aLisboa$cSOPEAM,$d2023-2025
215 ## $a2 v.$d23 cm
675 ## $a929A/Z"11/19"(042)$vBN$zpor$31960106
675 ## $a61A/Z"11/19"(042)$vBN$zpor$31960108
702 #1 $aSociedade Portuguesa de Escritores e Artistas Médicos$4340$31915682
702 #1 $aTrabulo,$bAntónio,$f1943-$4340$31159789
702 #1 $aCaeiro,$bBaltasar de Matos,$f1951-$4205$319160
702 #1 $aMendes,$bJosé Manuel,$f1948-$4080$328329
801 #0 $aPT$bBN$gRPC
900 ## $aBIBNAC$d20250717
966 ## $d[V. 1]$lBN$mFGMON$sH.G. 88174 V.$x1
966 ## $dV. 2$lBN$mFGMON$sH.G. 89128 V.$x1
966 ## $dV. 2$lBN$mFGMON$pSociedade Portuguesa de Escritores e Artistas Médicos$sH.G. 89135 V.$x3
971 ## $ccsilva$d20240419
972 ## $e0$z0$d20250717$vasantos
973 ## $cigoulao$d20250710
974 ## $e0$d20250711$vrsimoes

OpendataBNP@bnportugal.pt | Mais informação sobre acesso aos dados BNP